| 000 | 01026cam a2200205 4500 | ||
|---|---|---|---|
| 008 | 030410n2003 000 0 eng u | ||
| 035 | _a(Sirsi) u121958 | ||
| 245 | _aRe application of Diggins and others | ||
| 260 | _c2003 | ||
| 490 |
_aRating and Valuation Reporter _v[2003] RVR 42-43(2) |
||
| 520 | _aLT 21 July 2000. There is no authority to permit the amendment of an application under Law of Property Act 1925 s84 to allow a applicant to discharge or modify a restrictive covenant not in included in its original application. A further application would be necessary. View decision at www.courtservice.gov.uk/tribunals/lands_frm.htm. | ||
| 650 | _aRESTRICTIVE COVENANTS | ||
| 650 | _aMODIFICATION | ||
| 650 | _aDISCHARGE | ||
| 650 | _aDIGGENS AND OTHERS' APPLICATION | ||
| 650 | _aLAW OF PROPERTY ACT 1925 S84 | ||
| 690 | _aPROPERTY LAW AND PRACTICE-CASE LAW | ||
| 856 |
_uhttps://www.courtservice.gov.uk/tribunals/lands/decisions/dec-lp-27-99.htm _zView decision on the Court Service website... |
||
| 942 | _n0 | ||
| 999 |
_c72482 _d72482 |
||